Motorfahrzeugstatistik Fürstentum Liechtenstein 1. Juli 1993

Na minha lista:
Detalhes bibliográficos
Formato: Livro
Idioma:alemão
Publicado em: Vaduz Amt für Volkswirtschaft 1993
Assuntos:
Tags: Adicionar Tag
Sem tags, seja o primeiro a adicionar uma tag!

MARC

LEADER 00000nam a2200000 4500
001 c005458
005 20251217124825.6
041 0 |a ger 
044 |a DE 
245 1 0 |a Motorfahrzeugstatistik Fürstentum Liechtenstein  |b 1. Juli 1993 
264 1 |a Vaduz  |b Amt für Volkswirtschaft  |c 1993 
300 |a 57 s. 
610 2 0 |a Lichtenštajnsko 
610 2 0 |a motorizmus